Statystyki dla Wszystkie piosenki Kizo

Kliknij tutaj aby rozwiązać quiz!

Ogólne statystyki

  • Ten quiz został rozwiązany 120 razy
  • Średni wynik to 28 z 86

Statystyki odpowiedzi

Odpowiedź% Poprawnych
Disney
85%
Czempion
73%
Król balu
72%
PosejdonPosejdon
71%
Pegaz
67%
OrtalionOrtalion
65%
Nasze lato
64%
Pogo
64%
Fitness
63%
Złoto i bielZŁOTO I BIEL
61%
Lucky Punch
58%
Jeszcze 5 minutMTS
58%
Art
57%
Jeszcze pięć minut
56%
Forma
53%
Espresso
47%
Tsunami
47%
Zdrowie
47%
MIASTO 24H
45%
OXA
45%
Driftem
43%
Banger King
40%
Mr Gino
40%
Dobrze
39%
Ojej
38%
TOSKANIA
38%
Aladin
37%
Gra o tron
37%
Życie Jest Piękne
36%
Futro
35%
TRYB KOMFORT
35%
Empik
34%
Heavyweight
33%
Jacuzzi na 42
33%
Mam do tego nosa
33%
Przyjemniaczki
33%
PS
33%
Wrrrum
33%
Cichociemni
31%
Ojej - Remix
31%
NIEBIESKI BENTLEY
29%
Aperol
28%
Moonlight
28%
Artysta Z Blizną
27%
Ogień
27%
PegazIntro
26%
Pogoda dla bogaczy
26%
Taki Zwyczaj
26%
Wembley
26%
CzempionNazwisko
25%
Perskie dywany
25%
Turbo
25%
Ghetto Trap
24%
Światła na nas
24%
KORYTARZE
22%
Salon
22%
Stile di vita
22%
Z nadzieją
22%
Tańczę
21%
Fvck Enemies
20%
Jedna na milion
20%
Nie ma tu łez
20%
PAULO NOTOELO
20%
RAJANER
20%
Skandal
20%
Parasol
19%
Testosport
19%
Wy dwie
19%
Złote plany
19%
FCHUY
18%
Należy się nam
18%
Nie rób tego mi
18%
NIGDY NUDA
18%
Rób co musisz
18%
TRAPsterka
18%
Jak nie dziś
17%
NAM SIĘ UDAŁO
17%
Energia
16%
Jointy i Najki
16%
Nie chcemy
16%
Siła przyciągania
13%
Białe buty
12%
Nie wiem
11%
Szacun
11%
Vivat
11%
Za ciosem
11%

Rozkład punktacji

Percentyl według liczby udzielonych odpowiedzi

Procent ludzi z każdym wynikiem

Twoja historia wyników

Nie rozwiązałeś tego quizu